000 00291nam a22001337a 4500
008 181106b xxu||||| |||| 00| 0 eng d
020 _a9780073229874
041 _aeng
080 _23rd
_a371
100 _a46
101 _aEDU
245 _aPower Learning
_cFeldman,R.S
942 _2udc
_cBK
999 _c52025
_d52025